00643 2200229 4500001002100000005001500021035002000036007000300056008004100059020002200100082001100122084001700133100001600150245007000166260004600236300003800282650002500320700001800345520002600363990001200389990001200401INLIS00000000000173820180315094625 a0010-0318000081ta180315 g 0 ind  a978-602-03-0748-0 a297.12 a297.12 ISF s0 aISFI, Royis1 aSayangi dan Bimbing Aku, Ibu! /cIsfi Royis; editor, Gita Savitri aJakarta :bGramedia Pustaka Utama,c[s.a] aviii, 117 hlm. :bilus. ;c20 cm. aISLAM. SUMBER AJARAN0 aGITA, Savitri abibliografi: hlm. 117 a16805 a a16805 b